[Event "AUTO-INT-3142"]
[Site "http://www.queenalice.com/game.php?id=1424897"]
[Date "2016.5.26"]
[Round "1"]
[White "Diplomata"]
[Black "balu"]
[Result "1-0"]
[WhiteElo "1701"]
[BlackElo "1765"]

1. d4 d5 2. Nf3 Nc6 3. Bf4 Bf5 4. e3 f6 5. a3 e6 6. Nbd2 Bd6 7. c3 Bxf4 8. exf4
Nge7 9. c4 dxc4 10. Nxc4 Bg4 11. Ne3 Bxf3 12. Qxf3 Qxd4 13. Rd1 Qxb2 14. Nc4 Qc2
15. Bd3 Qc3+ 16. Nd2 O-O 17. Bxh7+ Kxh7 18. Qxc3 Nd5 19. Qd3+ f5 20. O-O Nxf4
21. Qc3 Ne2+ 22. Kh1 Nxc3 23. Rc1 Ne2 24. Rb1 b6 25. Nf3 Ncd4 26. Ne5 a5 27. a4
f4 28. f3 Rad8 29. Ng4 Nc3 30. Ra1 Nc2 31. Rac1 Rd2 32. Ne5 Rfd8 33. Nf7 R8d3
34. Ng5+ Kg6 35. Nxe6 Rd1 36. Nxf4+ Kh7 37. Nxd3 Rxf1+ 38. Rxf1 Nxa4 39. Rc1 Nd4
40. Rxc7 Nb5 41. Rc6 Nd4 42. Rc4 1-0

[Event "AUTO-INT-3142"]
[Site "http://www.queenalice.com/game.php?id=1424914"]
[Date "2016.5.26"]
[Round "1"]
[White "Jaumins"]
[Black "Diplomata"]
[Result "1-0"]
[WhiteElo "1609"]
[BlackElo "1705"]

1. d4 d5 2. e3 Nf6 3. Nf3 Bf5 4. Bd3 e6 5. O-O Bd6 6. Ne5 O-O 7. c4 c6 8. Qb3 b6
9. Bxf5 exf5 10. Qd3 Qc8 11. cxd5 c5 12. Nc4 Rd8 13. Nc3 Bxh2+ 14. Kxh2 Na6 15.
dxc5 Nxc5 16. Qd4 Nce4 17. Nxe4 Nxe4 18. Nd2 Qc7+ 19. Kg1 Nf6 20. Qf4 Qd7 21. d6
Qe6 22. e4 fxe4 23. Re1 Rxd6 24. Nxe4 Nxe4 25. Rxe4 Qd7 26. Re1 Qc6 27. Be3 Rg6
28. f3 Rf6 29. Rac1 Qb7 30. Qg4 g6 31. Bh6 Rf5 32. Qd4 f6 33. Qc4+ Kh8 34. Re7
Qb8 35. Bg7# 1-0

[Event "AUTO-INT-3142"]
[Site "http://www.queenalice.com/game.php?id=1424915"]
[Date "2016.5.26"]
[Round "1"]
[White "Diplomata"]
[Black "Jaumins"]
[Result "1-0"]
[WhiteElo "1698"]
[BlackElo "1573"]

1. d4 d6 2. Nf3 g6 3. Bf4 Bg7 4. e3 Nf6 5. Nbd2 Bf5 6. c3 O-O 7. Be2 Nh5 8. Bg5
c5 9. O-O h6 10. e4 Bg4 11. Be3 cxd4 12. cxd4 Nc6 13. d5 Ne5 14. Nxe5 Bxe5 15.
Bxg4 Nf6 16. Bxh6 Re8 17. Bh3 Qb6 18. Nb3 Nxe4 19. Be3 Qb5 20. a4 Qb4 21. Bd7
Red8 22. Bb5 Bxb2 23. Rb1 Be5 24. Nd2 Nxd2 25. Rxb4 1-0

[Event "AUTO-OPEN-3657"]
[Site "http://www.queenalice.com/game.php?id=1445931"]
[Date "2016.10.15"]
[Round "2"]
[White "Diplomata"]
[Black "Eduardomoreto67"]
[Result "0-1"]
[WhiteElo "1770"]
[BlackElo "2209"]

1. d4 Nf6 2. Nf3 g6 3. Nbd2 Bg7 4. e3 O-O 5. Bc4 d5 6. Be2 c5 7. c3 cxd4 8. cxd4
Nc6 9. O-O Bd7 10. a3 Rc8 11. b4 a6 12. Bb2 b5 13. Bc3 Qb6 14. Qc1 a5 15. Re1
axb4 16. Bxb4 Nxb4 17. Qb2 Nc2 18. Red1 Nxa1 19. Rxa1 Rc7 20. Nb3 Ne4 21. g3
Rfc8 22. Kg2 Rc2 23. Qb1 Rxe2 24. Ra2 Nc3 25. Qf1 Rxa2 26. Nc5 Bg4 27. Nd3 Bxf3+
28. Kxf3 Qf6+ 29. Kg2 Ne4 30. Qb1 Rcc2 31. Qxb5 Rxf2+ 32. Nxf2 Rxf2+ 33. Kh3
Ng5+ 34. Kg4 h5+ 35. Kh4 Rxh2# 0-1

[Event "AUTO-OPEN-3657"]
[Site "http://www.queenalice.com/game.php?id=1445932"]
[Date "2016.10.15"]
[Round "2"]
[White "Eduardomoreto67"]
[Black "Diplomata"]
[Result "1-0"]
[WhiteElo "2212"]
[BlackElo "1768"]

1. e4 e5 2. Nf3 d6 3. d4 Nd7 4. Bc4 h6 5. O-O Be7 6. c3 Ngf6 7. Re1 O-O 8. Nbd2
a6 9. a4 c6 10. Nf1 Nb6 11. Bb3 Bg4 12. Ng3 Bd7 13. dxe5 dxe5 14. Nxe5 Be6 15.
Bxe6 fxe6 16. Be3 Qc7 17. Ng6 Rfd8 18. Nxe7+ Qxe7 19. Qb3 Nbd7 20. Rad1 b6 21.
Nf5 Qf7 22. Nd4 Re8 23. Nxc6 Nxe4 24. Bxb6 Ndf6 25. Bd4 Qg6 26. f3 Ng5 27. Re3
Nd5 28. Ne5 Nxe3 29. Nxg6 Nxd1 30. Qxd1 Rad8 31. Qe2 Nf7 32. b4 e5 33. Nxe5 Rd5
34. f4 Nd6 35. Qxa6 Nc8 36. Qb7 Rd6 37. Qf7+ Kh7 38. Qxe8 Ra6 39. Qxc8 1-0

[Event "AUTO-OPEN-3657"]
[Site "http://www.queenalice.com/game.php?id=1445933"]
[Date "2016.10.15"]
[Round "2"]
[White "Diplomata"]
[Black "Lopesq"]
[Result "1-0"]
[WhiteElo "1766"]
[BlackElo "1460"]

1. d4 d5 2. Nf3 c6 3. e3 Bg4 4. Nbd2 e6 5. c3 Nd7 6. a3 Be7 7. Qb3 Nb6 8. Ne5
Bf5 9. Ndf3 Nf6 10. Be2 O-O 11. Qd1 Be4 12. O-O Nbd7 13. b4 a6 14. Bb2 Bd6 15.
c4 Bc7 16. c5 a5 17. b5 Nb8 18. b6 Bxe5 19. dxe5 Nfd7 20. Nd4 Nxc5 21. a4 1-0

[Event "AUTO-OPEN-3657"]
[Site "http://www.queenalice.com/game.php?id=1445934"]
[Date "2016.10.15"]
[Round "2"]
[White "Lopesq"]
[Black "Diplomata"]
[Result "0-1"]
[WhiteElo "1464"]
[BlackElo "1762"]

1. d4 d5 2. c3 Nf6 3. Bf4 Nbd7 4. Nf3 e6 5. Nbd2 Be7 6. e3 O-O 7. Be2 c6 8. O-O
Ng4 9. h3 Ngf6 10. Ne5 Ne4 11. Ndf3 Ndf6 12. Nh2 Bd7 13. Nxd7 Qxd7 14. Ng4 b5
15. Ne5 Qb7 16. a3 a6 17. Bh2 g6 18. f3 Nd6 19. Nd3 Nf5 20. Qc1 Nh5 21. Nf4 Nhg3
22. Bxg3 Nxg3 0-1

[Event "AUTO-INT-3142"]
[Site "http://www.queenalice.com/game.php?id=1451195"]
[Date "2016.11.21"]
[Round "2"]
[White "ReiBranco"]
[Black "Diplomata"]
[Result "0-1"]
[WhiteElo "1860"]
[BlackElo "1720"]

1. Nf3 d5 2. g3 e6 3. Bg2 Nd7 4. d3 Ngf6 5. O-O c6 6. Nbd2 Be7 7. Re1 O-O 8. e4
Bc5 9. e5 Ng4 10. d4 Be7 11. c3 a6 12. Nf1 b5 0-1

[Event "AUTO-INT-3142"]
[Site "http://www.queenalice.com/game.php?id=1451196"]
[Date "2016.11.21"]
[Round "2"]
[White "Diplomata"]
[Black "ReiBranco"]
[Result "1-0"]
[WhiteElo "1742"]
[BlackElo "1838"]

1. d4 d5 2. Nf3 c6 3. e3 Nf6 4. Nbd2 Bg4 5. Be2 e6 6. c3 Bd6 7. g3 O-O 8. O-O
Nbd7 9. Re1 h6 10. Bf1 Ne4 11. Qc2 Ndf6 12. a3 Nxd2 13. Nxd2 1-0

[Event "AUTO-INT-3142"]
[Site "http://www.queenalice.com/game.php?id=1451197"]
[Date "2016.11.21"]
[Round "2"]
[White "josedesouza"]
[Black "Diplomata"]
[Result "1-0"]
[WhiteElo "1779"]
[BlackElo "1766"]

1. d4 d5 2. Nf3 e6 3. e3 a6 4. Be2 Nf6 5. O-O Nbd7 6. c3 Be7 7. Nbd2 O-O 8. a3
c6 9. b4 b5 10. Bb2 Bb7 11. a4 Bd6 12. a5 Qc7 13. Re1 Ng4 14. g3 Ngf6 15. Bd3
Be7 16. Qc2 g6 17. Nh4 Nh5 18. Ng2 Bg5 19. Nf3 Bh6 20. e4 e5 21. exd5 f6 22.
dxc6 Bxc6 23. Nfh4 e4 24. Bxe4 Bxe4 25. Qxe4 Rf7 26. Qxa8+ Nf8 27. Rf1 Qd6 28.
Bc1 Bg7 29. Ne3 Qe6 30. Bb2 f5 31. Rab1 Nf6 32. Nhg2 Ne4 33. Nf4 Qd6 34. Rbd1
Ng5 35. Kg2 Ne6 36. Nxe6 Qxe6 37. Qf3 Qb3 38. Rb1 Qe6 39. Rfe1 Qc8 40. Nd5 Qd7
41. Kf1 Qc6 42. Ne7+ Rxe7 43. Qxc6 Re4 44. Rxe4 fxe4 45. Qxe4 h6 46. Qb7 Ne6 47.
Qxa6 Nc7 48. Qc8+ Kh7 49. Qxc7 h5 50. Re1 Kh6 51. Re7 Bf6 52. Rh7+ Kg5 53. Qf4#
1-0

[Event "AUTO-INT-3142"]
[Site "http://www.queenalice.com/game.php?id=1451198"]
[Date "2016.11.21"]
[Round "2"]
[White "Diplomata"]
[Black "josedesouza"]
[Result "0-1"]
[WhiteElo "1751"]
[BlackElo "1794"]

1. d4 d5 2. Nf3 Nf6 3. e3 e6 4. c3 Bd6 5. Nbd2 O-O 6. Be2 Nbd7 7. O-O a6 8. a3
c6 9. b4 b5 10. Bb2 a5 11. Re1 a4 12. Bd3 Qc7 13. Be2 Ng4 14. h3 Ngf6 15. Bd3
Ba6 16. Be2 e5 17. dxe5 Nxe5 18. Qc1 Bc8 19. Qd1 Bf5 20. Nxe5 Bxe5 21. Nf3 Bd6
22. h4 Ne4 23. Qc2 g6 24. g3 Nxg3 25. Bd3 Bxd3 26. Qxd3 Nh5 27. Qd4 Rae8 28. Ra2
Re4 29. Qd3 Nf6 30. Kf1 Qd7 31. Ke2 Rfe8 32. c4 bxc4 33. Qd2 Rf4 34. Rg1 Qf5 35.
Bxf6 Qxf6 36. Rg3 d4 37. Ra1 d3+ 38. Kf1 Qxa1+ 39. Ne1 Rxh4 40. f4 Qxa3 41. Qf2
Rh5 42. Kg2 Bxb4 43. Rh3 d2 44. Rxh5 dxe1=Q 45. Qf3 Qa2+ 46. Kh3 gxh5 47. Qxh5
Rxe3+ 48. Kg4 Qg1+ 49. Kf5 Qc2+ 50. Kf6 Bc3+ 51. Qe5 Bxe5+ 52. fxe5 Qcf2+ 53.
Ke7 Rxe5+ 54. Kd8 Qd4+ 55. Kc8 Re7 56. Kb8 Qd8# 0-1

[Event "AUTO-ADV-3836"]
[Site "http://www.queenalice.com/game.php?id=1478775"]
[Date "2017.5.19"]
[Round "1"]
[White "eloy"]
[Black "Diplomata"]
[Result "1-0"]
[WhiteElo "1738"]
[BlackElo "1733"]

1. e4 e5 2. Nf3 d6 3. Bc4 h6 4. Nc3 a6 5. d3 Bg4 6. Nxe5 Bxd1 7. Bxf7+ Ke7 8.
Ng6+ Kd7 9. Nxh8 Bxc2 10. Ng6 Ne7 11. Nxe7 Qxe7 12. Bg6 Bxd3 13. Bf5+ Kc6 14.
Be3 Bc4 15. b3 Be6 16. Bxe6 Qxe6 17. O-O g5 18. Rac1 Kd7 19. Rfd1 Nc6 20. Nd5
Be7 21. Nxe7 Qxe7 22. f3 Qf7 23. Bc5 b6 24. Bf2 Qe6 25. Rc3 Ne5 26. Bg3 g4 27.
f4 Nc6 28. e5 Re8 29. Re3 Qf5 30. Rd5 Qb1+ 31. Re1 Qxa2 32. f5 Qxb3 33. Rdd1 1-0

[Event "AUTO-ADV-3836"]
[Site "http://www.queenalice.com/game.php?id=1478776"]
[Date "2017.5.19"]
[Round "1"]
[White "Diplomata"]
[Black "eloy"]
[Result "0-1"]
[WhiteElo "1717"]
[BlackElo "1754"]

1. d4 d5 2. Nf3 Nc6 3. e3 Nf6 4. Be2 Bf5 5. a3 e6 6. Nbd2 Ne4 7. O-O Nxd2 8.
Bxd2 Bd6 9. c4 dxc4 10. Bxc4 O-O 11. Bc3 Be4 12. Bd3 Qe7 13. Bxe4 Rad8 14. Qc2
h6 15. g3 e5 16. dxe5 Bxe5 17. Nh4 Bxc3 18. bxc3 Ne5 19. Rad1 Nc4 20. Bxb7 Nxa3
21. Qe2 Qc5 22. Rxd8 Rxd8 23. Rc1 Nc4 24. Nf3 Nd6 25. Qd3 Rb8 26. Ba6 Qa3 27.
Rf1 Rb6 28. Bc4 Rc6 29. Ne5 Rc5 30. f4 Qa4 31. Bd5 Nb5 32. Bxf7+ Kf8 0-1

[Event "AUTO-ADV-3836"]
[Site "http://www.queenalice.com/game.php?id=1478781"]
[Date "2017.5.19"]
[Round "1"]
[White "Jackzapo"]
[Black "Diplomata"]
[Result "1-0"]
[WhiteElo "1823"]
[BlackElo "1690"]

1. e4 e5 2. Nf3 d6 3. Bc4 h6 4. O-O Bg4 5. d3 Nd7 6. Nbd2 Ngf6 7. h3 Bh5 8. c3
a6 9. b4 c6 10. Qc2 Be7 11. a4 O-O 12. Re1 c5 13. Nh4 Nh7 14. Nf5 Bg5 15. Nxd6
Rb8 16. bxc5 Ndf6 17. d4 exd4 18. cxd4 Bg6 19. Bd3 Bf4 20. e5 Bxd3 21. Qxd3 Nh5
22. Qf3 Qg5 23. Nf1 Bxc1 24. Raxc1 Nf4 25. Ng3 Nxh3+ 26. Kf1 Qd8 27. gxh3 Qd7
28. Kg2 Ng5 29. Qd5 Qxh3+ 30. Kg1 Kh8 31. Re3 Qd7 32. Kg2 1-0

[Event "AUTO-ADV-3836"]
[Site "http://www.queenalice.com/game.php?id=1478782"]
[Date "2017.5.19"]
[Round "1"]
[White "Diplomata"]
[Black "Jackzapo"]
[Result "0-1"]
[WhiteElo "1702"]
[BlackElo "1811"]

1. d4 Nf6 2. Nd2 g6 3. Ngf3 Bg7 4. e3 d6 5. Be2 O-O 6. O-O c5 7. c3 cxd4 8. exd4
a6 9. a3 b5 10. b4 Bb7 11. Bb2 Nbd7 12. Bd3 Re8 13. Re1 Qc7 14. Rc1 Qd8 15. a4
Rc8 16. axb5 axb5 17. Bxb5 Ra8 18. Bc4 Qc7 19. Qb3 e6 20. Bb5 Red8 21. Bf1 Bc6
22. b5 Bb7 23. Bd3 Nb6 24. c4 Bh6 25. d5 Bxd2 26. Nxd2 e5 27. Nf3 Nbd7 28. Ng5
Bc8 29. Qc2 e4 30. Nxe4 Nxe4 31. Bxe4 Nc5 0-1

[Event "AUTO-OPEN-3804"]
[Site "http://www.queenalice.com/game.php?id=1478988"]
[Date "2017.5.20"]
[Round "1"]
[White "nuage"]
[Black "Diplomata"]
[Result "1-0"]
[WhiteElo "1738"]
[BlackElo "1679"]

1. Nf3 d5 2. d3 Nf6 3. g3 Bg4 4. Bg2 h6 5. O-O Nbd7 6. Nd4 e6 7. h3 Bh5 8. Nd2
Be7 9. c4 O-O 10. b3 Bb4 11. Nc2 Bc3 12. Rb1 c6 13. Ba3 Re8 14. g4 Bxg4 15. Bd6
Bh5 16. f3 b6 17. Ne3 d4 18. Nc2 a5 19. a3 e5 20. b4 c5 21. Ne4 Nxe4 22. fxe4
Qg5 23. Rf5 Qg6 24. Qf1 Qxd6 25. Rxh5 axb4 26. axb4 cxb4 27. Rf5 Nf6 28. Qf3 Rf8
29. e3 dxe3 30. Nxe3 Qxd3 31. Rd1 Bd2 32. Rxe5 1-0

[Event "AUTO-OPEN-3804"]
[Site "http://www.queenalice.com/game.php?id=1478989"]
[Date "2017.5.20"]
[Round "1"]
[White "Diplomata"]
[Black "nuage"]
[Result "0-1"]
[WhiteElo "1665"]
[BlackElo "1752"]

1. d4 Nf6 2. Nd2 d6 3. Ngf3 g6 4. e3 Bg7 5. Be2 O-O 6. O-O e6 7. c3 Nc6 8. a3 b6
9. b4 Bb7 10. Bb2 d5 11. a4 Ne4 12. Qc2 f5 13. Ba3 g5 14. b5 Ne7 15. Nxe4 fxe4
16. Nxg5 Rf6 17. Bg4 Ng6 18. Nxe6 Qc8 19. Qd1 Rxe6 20. Bxe6+ Qxe6 21. Qe2 Rf8
22. Bxf8 Nxf8 23. a5 Nd7 24. a6 Ba8 25. Rac1 Nf6 26. c4 Bf8 27. cxd5 Nxd5 28.
Qa2 Bh6 29. Rxc7 Qd6 30. Rxa7 Qd8 31. g3 Kh8 32. Rc1 Nxe3 0-1

[Event "AUTO-OPEN-3804"]
[Site "http://www.queenalice.com/game.php?id=1479010"]
[Date "2017.5.20"]
[Round "1"]
[White "Diplomata"]
[Black "clovis"]
[Result "0-1"]
[WhiteElo "1741"]
[BlackElo "2039"]

1. d4 d5 2. Nf3 Nf6 3. Nbd2 Bf5 4. e3 e6 5. Be2 Nbd7 6. c3 Bd6 7. O-O O-O 8. a3
e5 9. Re1 e4 10. Nh4 Bg6 11. Nxg6 fxg6 12. c4 c6 13. b3 Qc7 14. g3 h5 15. c5 Be7
16. h4 Nxc5 17. dxc5 Bxc5 18. a4 Bd6 19. Ba3 Bxg3 20. Bxf8 Bxf2+ 21. Kxf2 Qh2+
22. Kf1 Rxf8 23. Bf3 exf3 24. Ra2 Qg2# 0-1

[Event "AUTO-OPEN-3804"]
[Site "http://www.queenalice.com/game.php?id=1479011"]
[Date "2017.5.20"]
[Round "1"]
[White "clovis"]
[Black "Diplomata"]
[Result "1-0"]
[WhiteElo "2020"]
[BlackElo "1746"]

1. e4 e5 2. Nf3 d6 3. Bc4 h6 4. d4 Nd7 5. dxe5 Nxe5 6. Nxe5 dxe5 7. Bxf7+ Kxf7
8. Qxd8 Ne7 9. Nc3 Nc6 10. Qd1 Be7 11. O-O Rd8 12. Nd5 g6 13. f4 Bc5+ 14. Kh1
Ne7 15. fxe5+ Kg7 16. Qf3 Kh8 17. Qf6+ Kh7 18. Qf7+ Kh8 19. Nf6 1-0

[Event "AUTO-OPEN-3804"]
[Site "http://www.queenalice.com/game.php?id=1479012"]
[Date "2017.5.20"]
[Round "1"]
[White "Diplomata"]
[Black "goldenboy"]
[Result "0-1"]
[WhiteElo "1737"]
[BlackElo "2195"]

1. d4 d5 2. Nf3 Nf6 3. Nbd2 c5 4. e3 Nc6 5. c3 c4 6. a3 Bg4 7. Be2 e6 8. O-O Bd6
9. Re1 O-O 10. g3 b5 11. b4 a5 12. Bb2 Re8 13. Bf1 Ne4 14. Bg2 Qf6 15. Qc1 Bxf3
16. Nxf3 a4 17. Rf1 Qh6 18. Qd1 Rad8 19. Qc2 Ng5 20. Nxg5 Qxg5 21. Bc1 Qg6 22.
Qe2 h5 23. Bb2 Be7 24. h4 e5 25. Kh1 exd4 0-1

[Event "AUTO-OPEN-3804"]
[Site "http://www.queenalice.com/game.php?id=1479013"]
[Date "2017.5.20"]
[Round "1"]
[White "goldenboy"]
[Black "Diplomata"]
[Result "1-0"]
[WhiteElo "2196"]
[BlackElo "1735"]

1. e4 e5 2. f4 d5 3. Nc3 exf4 4. Nf3 Be6 5. exd5 Bg4 6. d4 Bd6 7. Be2 Nf6 8. O-O
O-O 9. Ne5 Bxe5 10. dxe5 Bxe2 11. Qxe2 Nxd5 12. Nxd5 Qxd5 13. Bxf4 Nc6 14. b3
Rae8 15. Rae1 a6 16. c4 Qc5+ 17. Qe3 Qa3 18. Rf2 f6 19. e6 Re7 20. Qg3 Qb4 21.
Kf1 Qa5 22. Rd2 b5 23. cxb5 Qxb5+ 24. Kg1 Qb4 25. Rd7 Rxd7 26. exd7 1-0